Corregidores, encomenderos, cabildos y mercaderes: thesaurus indicus vol.I, tít. VI-IX

Saved in:
Bibliographic Details
Main Author: Avendaño, Diego de (Author)
Format: Book
Language:Spanish
Published: Pamplona Eunsa 2007
Edition:1a. ed
Series:Colección de Pensamiento Medieval y Renacentista, 93
Subjects:
Tags: Add Tag
No Tags, Be the first to tag this record!

MARC

LEADER 00000cam a2200000 a 4500
001 UCH0666
003 CL-VaPUC
008 090320e20070000SP |||||||||||||||||spa|d
020 |a 9788431324933 
082 0 4 |a 946  |b AVE  |2 21 
100 0 |a Avendaño, Diego de  |e author  |9 487711 
245 1 0 |a Corregidores, encomenderos, cabildos y mercaderes: thesaurus indicus vol.I, tít. VI-IX 
250 |a 1a. ed 
300 |a 518 p 
942 |c BK 
945 |d 20090320 00:00:00  |a rbrito 
260 |a Pamplona  |b Eunsa  |c 2007 
650 7 |a CORREGIDORES  |2 CL-VaPUC  |9 344288 
650 7 |a CABILDOS  |2 CL-VaPUC  |9 375432 
650 7 |a ENCOMENDADORES  |2 CL-VaPUC  |9 534909 
650 7 |a MERCADERES  |2 CL-VaPUC  |9 379862 
650 0 |a Edad media  |9 258041 
650 0 |a Renacimiento  |9 255107 
583 |a last modification  |c 20121207 08:23:36  |k Rodrigo Vera 
490 0 |a Colección de Pensamiento Medieval y Renacentista, 93 
999 |c 332921  |d 332919 
952 |0 0  |1 0  |4 0  |6 946_000000000000000_AVE_2007  |7 0  |8 P  |9 420981  |a BIBEDU  |b BIBEDU  |c BIBEDU_PB  |d 2019-11-22  |i 4523261  |o 946 AVE 2007  |p 4523261  |r 2024-01-25  |w 2019-11-22  |y BK  |k FIL